जन्मदिन/ (Record no. 213623)

MARC details
000 -LEADER
fixed length control field 00966nam a22002177a 4500
005 - DATE AND TIME OF LATEST TRANSACTION
control field 20251008145245.0
010 ## - LCCN (DPL NO)
LC control number HIN-130489
020 ## - INTERNATIONAL STANDARD BOOK NUMBER
International Standard Book Number 9789392655661
035 ## - SYSTEM CONTROL NUMBER
System control number HN-102835
037 ## - SOURCE OF ACQUISITION
Source of stock number/acquisition DBAD
Stock number 1
082 ## - DEWEY DECIMAL CLASSIFICATION NUMBER
Classification number
Edition number प्रथम
Item number 1
100 ## - MAIN ENTRY--PERSONAL NAME
Personal name व्यास विप्लव
245 ## - TITLE STATEMENT
Title जन्मदिन/
Statement of responsibility, etc विप्लव व्यास
Medium हिंदी
250 ## - EDITION STATEMENT
Edition statement प्रथम
260 ## - PUBLICATION, DISTRIBUTION, ETC. (IMPRINT)
Place of publication, distribution, etc बीकानेर
Name of publisher, distributor, etc कलासन प्रकाशन
Date of publication, distribution, etc 2023
270 ## - ADDRESS
Address मॉडर्न मार्किट
City बीकानेर
Postal code 334001
300 ## - PHYSICAL DESCRIPTION
Extent 128 पृ.
Dimensions 22 सेमी (सजिल्द )
500 ## - GENERAL NOTE
General note मुरलीधर व्यास 'राजस्थानी' के राजस्थानी कहानी संग्रह 'बरसगांठ' का हिंदी अनुवाद.
700 ## - ADDED ENTRY--PERSONAL NAME
9 (RLIN) 85437
942 ## - ADDED ENTRY ELEMENTS (KOHA)
Source of classification or shelving scheme Dewey Decimal Classification
Item type Hindi Books
Classification part
Call number suffix व्यासवि
Holdings
Withdrawn status Lost status Not for loan Home library Current library Date acquired Source of acquisition Cost, normal purchase price Full call number Barcode Copy number Cost, replacement price Koha item type
    Not For Loan D.B.Act.Division D.B.Act.Division 08/10/2025 Delivery of Books Act Division 200.00 क व्यासवि HN-102835 1 200.00 Hindi Books

© Delhi Public Library
Hit Counter
free hit counter